02169nam a2200241Ia 4500001000600000003000900006008004100015040001300056040001300069041001500082100001400097100002900111245005200140245015900192250001100351260001200362260001400374260004900388300005700437500136700494650003501861650003101896K0542IT-RoPAU130308s9999 xx 000 0 und d aIT-RoPAU cIT-RoPAU aITALIANO  aPace Enzo gCodice Aut. SPICS: 3557 aRaccontare Dio. La religione come comunicazione bRaccontare Dio. La Religione Come Comunicazione  a1a ed. aBOLOGNA bIl Mulino c2008 [1° Ed.:2008 - Ed.Ling.Originale:2008] a"354 p. (prefazione: no ; testo: 354 [pagine: 0-0])" a"Religione Come Comunicazione: Arcano del testo Ovvero raccontare Dio; Approccio Teoria dei Sistemi; comunicare per Credere; relazione Fra Sistema e Ambiente di matrice Religiosa; per una Teoria sistemi Credenza Religiosa; Come Comunicano Rligioni; Differenziazione Socioreligiosa. Religione e Senso: Senso e Comunicazione; Comunicazione e Autoreferenzialita'; per una Definizione Sistema Credenza Religiosa: Sistema Credenza e Autopoiesi; Determinato e Indeterminato; Ritualità Come Intersezione Fra sistemi e Individui. Dalla virtù Improvvisazione al Sistema di Credenza: virtuoso e Sue Gesta; virtù Accrescimento; Improvvisare e Trasmettere; Tipologia Virtuosi Improvvisazione; Parola Data e Memoria; Esempio e Missione. Spirito e Ordine: mettere Ordine Allo Spirito; Potere Lingua Sacra; Ordine di Servizio; Ordine e Legge; Ordine del Discorso; Ordinare Discorso e Comunicare; Veridicità Verità. strategie Comunicazione Nei sistemi di Credenza Religiosa: Prendere Corpo e salvare Anima; Teodicea; sistemi psichici e Religiosi; Diritta Via; Diete Religiose. Religioni Fra Etica Universale e Identificazione Etnica: Religioni in Guerracaso Moderno Nazionalismo Religioso; Sistema Credenza Religiosa e Stato Postcoloniale; tensione Fra Etica ed Etnia; Adattamento e selezione nel Processo Identificazione Etnoreligiosa. Riferimenti Bibliografici D" aSAGGI DI COMUNICAZIONE SOCIALE eCodice materia Spics: 3807